Countries with highest literacy rate. - Statistics

General Stats
  • This quiz has been taken 144 times
    93 since last reset
  • The average score is 8 of 20
Answer Stats
Hint Answer % Correct
99,5% Russia
71%
99,8% Estonia
58%
99,8% Latvia
57%
99,3% Poland
56%
99,7% Ukraine
56%
99,7% Lithuania
54%
99,7% Belarus
49%
100% Georgia
44%
99,7% Slovenia
44%
99,7% Armenia
43%
99,4% Hungary
41%
99,9% Cuba
38%
99,6% Kazakhstan
38%
99,5% Azerbaijan
35%
99,3% Kyrgyzstan
35%
99,6% Tajikistan
35%
99,5% Turkmenistan
33%
99,1% Albania
24%
99,7% Barbados
15%
99,2% Tonga
13%
No matching quizzes found
Score Distribution
Percent of People with Each Score
Percentile by Number Answered
Your Score History
You have not taken this quiz since the last reset